|
|
|
|
| LEADER |
00000naa a2200000uu 4500 |
| 001 |
vtls010953476 |
| 003 |
SK-MaSNL |
| 005 |
20260302142148.0 |
| 008 |
210906|1997 xo |||||||||||||||||eng| |
| 015 |
|
|
|a SNBRA
|
| 035 |
|
|
|a (urnnbn)urn:nbn:sk:snk:ar-a0blmy
|
| 035 |
|
|
|a (uuid)b86d78b0-1c5d-4165-942e-497877cb2111
|
| 035 |
|
|
|a urn:nbn:sk:snk-aaudmw
|
| 040 |
|
|
|a SNKBUCL
|b slo
|c SNKBUCL
|e AACR2
|
| 041 |
0 |
|
|a eng
|
| 044 |
|
|
|a xo
|c SK
|
| 100 |
1 |
|
|a Šibor, Jiří,
|d 1971-
|4 aut
|9 200983
|
| 245 |
1 |
0 |
|a FUNCTIONAL DERIVATIVES OF 3-AMINO-5-THIOXO-1-THIA-2-CHALCOGENOLE-4-CARBOXYLIC ACIDS - COMPARISON OF CONVENTIONAL, ULTRASOUND AND MICROWAVE EXPERIMENTS OF SYNTHESIS
|c Jiří Šibor, Pavel Pazdera
|
| 700 |
1 |
|
|a Pazdera, Pavel
|4 aut
|9 281044
|
| 773 |
0 |
|
|t 22th Conference of organic chemists with foreign participation on Advances in organic chemistry on the 55th anniversary ... Department of Organic Chemistry ..., Častá - Papiernička, 11. - 13. June 1997
|d Bratislava : Slovak University of Technology, 1997
|g S. 121-122
|z 8022709662
|
| 958 |
|
|
|a OND
|
| 958 |
|
|
|a article11
|
| 958 |
|
|
|a chapter
|
| 999 |
|
|
|c 1338262
|d 1340192
|